00343nam a2200121 a 4500020001800000082001900018100002300037245004100060260003900101300000900140500003500149650003700184 a978158743156200a227.10609bGRE aGreeman, P Jeffrey aReading Romans Through the Centuries aGrand Rapids bBrazos Press c2005 a223p aincludes index and biblioraphy aBible-Criticism & Interpretation